Statistics for Polish Presidents

Click here to take the quiz!

General Stats

  • This quiz has been taken 26 times
  • The average score is 10 of 16

Answer Stats

Answer% Correct
Lech Kaczyński
100%
Andrzej Duda
96%
Lech Wałęsa
96%
Aleksander Kwaśniewski
92%
Wojciech Jaruzelski
92%
Bronisław Komorowski
88%
Gabriel Narutowicz
76%
Bolesław Bierut
60%
Ignacy Mościcki
56%
Stanisłwa Wojciechowski
52%
Ryszard Kaczorowski
44%
Władysław Raczkiewicz
36%
Kazimierz Sabat
32%
August Zaleski
24%
Edward Raczyński
20%
Stanisław Ostrowski
20%

Score Distribution

Percentile by Number Answered

Percent of People with Each Score

Your Score History

You have not taken this quiz